000 00724nam a2200229 i 4500
001 15677
003 ES-MaACL
005 20230906151128.0
007 t|
008 000504s1995 sp a |||| | spa j
020 _a84-87715-47-8
080 _a308-055.2(460)"16"
100 1 _aRíos Izquierdo, Pilar.
_997386
245 1 0 _aMujer y sociedad en el siglo XVII
_b: a través de los Avisos de Barrionuevo /
_cPilar Ríos Izquierdo.
260 _aMadrid :
_bHoras y Horas,
_c[1995]
300 _a128 p. :
_bil. ;
_c21 cm.
490 1 _aMujeres en Madrid
650 1 4 _aMujeres-
_zEspaña-
_xSituación social-
_yS.XVII.
_9167797
830 0 _aMujeres en Madrid
_9179213
852 _aES-MaACL
_jL-23055
999 _c15677
_d15677